Movies Quiz

Random Movies or Cast Quiz

Movie Characters by First Names Quiz Stats

 Plays Quiz Updated Aug 24, 2018

Score 0/24 Timer 04:00
6 Plays Today
% Correct
ROSE DeWitt Bukater
(Titanic)
91.1%
CLARICE Starling
(The Silence of the Lambs)
88.3%
MINERVA McGonagall
(Harry Potter)
86.7%
JOHN McClane
(Die Hard)
86.6%
NORMAN Bates
(Psycho)
86.3%
SCARLETT O'Hara
(Gone with the Wind)
85.4%
SARAH Connor
(The Terminator)
84.9%
HANS Landa
(Inglourious Basterds)
82.6%
MARGE Gunderson
(Fargo)
81.3%
OLIVE Hoover
(Little Miss Sunshine)
78.4%
EMMETT Brown
(Back to the Future)
77.3%
ELLEN Ripley
(Alien)
76.3%
% Correct
JULES Winnfield
(Pulp Fiction)
74.7%
PETER Venkman
(Ghostbusters)
74.5%
TRAVIS Bickle
(Taxi Driver)
73.7%
MICHAEL Corleone
(The Godfather)
68.8%
BEATRIX Kiddo
(Kill Bill)
66.5%
JEFFREY Lebowski
(The Big Lebowski)
66.4%
GEORGE Bailey
(It's a Wonderful Life)
65.6%
CHARLES FOSTER Kane
(Citizen Kane)
63.6%
RANDLE McMurphy
(One Flew Over the
Cuckoo's Nest)
61.6%
JAMES FRANCIS Ryan
(Saving Private Ryan)
60.2%
HOKE Colburn
(Driving Miss Daisy)
59.5%
HENRY Jones Jr.
(Indiana Jones)
58.5%

You're not logged in!

Compare scores with friends on all Sporcle quizzes.
OR
Log In

Sporcle TV

Today on Sporcle TV


Watch our educational content, quiz creation guides, and fun videos on Sporcle TV.

Show Comments

Extras

Top Quizzes Today


Score Distribution

Your Account Isn't Verified!

In order to create a playlist on Sporcle, you need to verify the email address you used during registration. Go to your Sporcle Settings to finish the process.

Report this User

Report this user for behavior that violates our Community Guidelines.

Details: